Explorers of the brain (Запис № 494523)

МАРК-запис
000 -LEADER
fixed length control field 01308cam a2200325 4500
001 - CONTROL NUMBER
control field explorersofbrain00stev
003 - CONTROL NUMBER IDENTIFIER
control field CaSfIA
005 - DATE AND TIME OF LATEST TRANSACTION
control field 20210118082133.0
007 - PHYSICAL DESCRIPTION FIXED FIELD--GENERAL INFORMATION
fixed length control field cr||||
008 - FIXED-LENGTH DATA ELEMENTS--GENERAL INFORMATION
fixed length control field 711123s1971 nyua b 001 0 eng
035 ## - SYSTEM CONTROL NUMBER
-- (DLC) 69010709
010 ## - LIBRARY OF CONGRESS CONTROL NUMBER
LC control number 69010709
020 ## - INTERNATIONAL STANDARD BOOK NUMBER
International Standard Book Number 0394429680
040 ## - CATALOGING SOURCE
Original cataloging agency DLC
Transcribing agency DLC
Modifying agency DLC
-- CaSfIA
050 00 - LIBRARY OF CONGRESS CALL NUMBER
Classification number QP376
Item number .S8 1971
082 00 - DEWEY DECIMAL CLASSIFICATION NUMBER
Classification number 612/.82/09
100 1# - MAIN ENTRY--PERSONAL NAME
Personal name Stevens, Leonard A.
245 10 - TITLE STATEMENT
Title Explorers of the brain
Medium [electronic resource]
Statement of responsibility, etc [by] Leonard A. Stevens.
250 ## - EDITION STATEMENT
Edition statement [1st ed.]
260 ## - PUBLICATION, DISTRIBUTION, ETC. (IMPRINT)
Place of publication, distribution, etc New York,
Name of publisher, distributor, etc Knopf,
Date of publication, distribution, etc 1971.
300 ## - PHYSICAL DESCRIPTION
Extent xi, 348, x p.
Other physical details illus.
Dimensions 22 cm.
350 ## - PRICE (NR) (BK AM CF MU VM SE) [OBSOLETE]
Price $7.95
504 ## - BIBLIOGRAPHY, ETC. NOTE
Bibliography, etc Bibliography: p. 331-348.
506 ## - RESTRICTIONS ON ACCESS NOTE
Standardized terminology for access restriction Необхідна авторизація на https://archive.org/ (створення облікового запису безкоштовно)
506 ## - RESTRICTIONS ON ACCESS NOTE
Standardized terminology for access restriction Необхідна авторизація на https://openlibrary.org/ (створення облікового запису безкоштовно)
650 #0 - SUBJECT ADDED ENTRY--TOPICAL TERM
Topical term or geographic name as entry element Brain
General subdivision Anatomy
-- History.
856 41 - ELECTRONIC LOCATION AND ACCESS
Uniform Resource Identifier <a href="http://www.archive.org/details/explorersofbrain00stev">http://www.archive.org/details/explorersofbrain00stev</a>
Public note Free eBook from the Internet Archive
856 42 - ELECTRONIC LOCATION AND ACCESS
Uniform Resource Identifier <a href="http://www.openlibrary.org/books/OL5679550M">http://www.openlibrary.org/books/OL5679550M</a>
Public note Additional information and access via Open Library
942 ## - ADDED ENTRY ELEMENTS (KOHA)
Koha item type ЕКнига

Немає доступних примірників.